000 00682nam a22001817a 4500
003 UA-OsUOA
001 14467
007 ta
008 20030924b un ||||| |||| 00| 0 ukr d
100 _aМіхно В.
942 _cSA
040 _aUA-OsUOA
_cUA-OsUOA
_dUA-OsUOA
245 _aЗолотий урожай "Колоса": [На млинів. стадіоні "Колос" відбулися обл. фін. сіл. спорт. ігри Рівненщини"Урожай- 2003"]
300 _aС.4
955 _a0
773 0 _w0
_tВісті Рівненщини
_dРівне
_d2003
_g№75/12 верес./
650 7 _aКраєзнавча робота
_2UDC
999 _c300628
_d300628